[Event "Saint Louis Cairns Cup (Women) 2nd"]
[Site "Saint Louis"]
[Date "2020.02.10"]
[Round "4"]
[White "Yip, Carissa"]
[Black "Kosteniuk, Alexandra"]
[Result "0-1"]
[WhiteElo "2412"]
[BlackElo "2504"]
[PlyCount "104"]
[EventDate "2020.02.07"]
[EventType "tourn"]
[EventRounds "9"]
[EventCountry "USA"]
[EventCategory "11"]
[SourceTitle "CBM 194 Extra"]
[Source "ChessBase"]
[SourceDate "2020.03.31"]
[SourceVersion "1"]
[SourceVersionDate "2020.03.31"]
[SourceQuality "1"]

1. e4 e5 2. Nf3 Nf6 3. d4 Nxe4 4. Bd3 d5 5. Nxe5 Nd7 6. Nc3 Nxc3 7. bxc3 Nxe5
8. dxe5 Be7 9. O-O O-O 10. Be3 Be6 11. f4 f5 12. Rb1 b6 13. Be2 c6 14. Bf3 b5
15. Qd3 a5 16. Qd2 Qd7 17. Ra1 Ba3 18. Rfb1 Qe7 19. Qf2 Rab8 20. h3 Kh8 21. Kh2
a4 22. Kh1 Rb7 23. Be2 Rfb8 24. Bf3 Qf8 25. Ba7 Rc8 26. Be3 Be7 27. Be2 a3 28.
Rd1 Ra8 29. Bf3 Ra4 30. Rd3 Rc4 31. Rb1 Qd8 32. Be2 Rb8 33. Ba7 Ra8 34. Bb6 Qf8
35. Be3 b4 36. cxb4 Rxc2 37. Rd2 Rxd2 38. Bxd2 d4 39. Bf3 Bxa2 40. Ra1 Qf7 41.
Bxc6 Rc8 42. Ba4 d3 43. Be1 Bd5 44. Rxa3 Be4 45. Bd2 Qg6 46. Bb5 Bh4 47. Qf1
Qg3 48. Ra2 Qxh3+ 49. Kg1 Qg3 50. e6 Bf6 51. Be1 Bd4+ 52. Bf2 Bxg2 0-1

[Event "Saint Louis Cairns Cup (Women) 2nd"]
[Site "Saint Louis"]
[Date "2020.02.11"]
[Round "5"]
[White "Kosteniuk, Alexandra"]
[Black "Muzychuk, Mariya"]
[Result "1-0"]
[WhiteElo "2504"]
[BlackElo "2552"]
[PlyCount "79"]
[EventDate "2020.02.07"]
[EventType "tourn"]
[EventRounds "9"]
[EventCountry "USA"]
[EventCategory "11"]
[SourceTitle "CBM 194 Extra"]
[Source "ChessBase"]
[SourceDate "2020.03.31"]
[SourceVersion "1"]
[SourceVersionDate "2020.03.31"]
[SourceQuality "1"]

1. e4 e5 2. Nf3 Nc6 3. Bb5 a6 4. Ba4 Nf6 5. O-O Nxe4 6. d4 b5 7. Bb3 d5 8. dxe5
Be6 9. a4 b4 10. Nbd2 Nc5 11. c3 Qd7 12. Nd4 Nxd4 13. cxd4 Nxb3 14. Nxb3 Be7
15. Qd3 O-O 16. Qg3 f6 17. Bf4 fxe5 18. Bxe5 Bd6 19. Rfc1 Bf5 20. Na5 Rf6 21.
Qb3 Bxe5 22. dxe5 Re6 23. Qxb4 Rxe5 24. f3 Rae8 25. Nc6 R5e6 26. Nd4 Rb6 27.
Qd2 Bg6 28. a5 Rf6 29. Rc5 Qd6 30. Rac1 Qe5 31. Nc6 Qe2 32. Rxd5 Rfe6 33. b4 h6
34. Qxe2 Rxe2 35. Rd7 Kf8 36. Nd4 Rb2 37. h3 Rxb4 38. Rcxc7 Bh5 39. Nf5 Rb5 40.
Nxg7 1-0

[Event "Saint Louis Cairns Cup (Women) 2nd"]
[Site "Saint Louis"]
[Date "2020.02.13"]
[Round "6"]
[White "Koneru, Humpy"]
[Black "Kosteniuk, Alexandra"]
[Result "1-0"]
[WhiteElo "2580"]
[BlackElo "2504"]
[PlyCount "121"]
[EventDate "2020.02.07"]
[EventType "tourn"]
[EventRounds "9"]
[EventCountry "USA"]
[EventCategory "11"]
[SourceTitle "CBM 194 Extra"]
[Source "ChessBase"]
[SourceDate "2020.03.31"]
[SourceVersion "1"]
[SourceVersionDate "2020.03.31"]
[SourceQuality "1"]

1. Nf3 d5 2. d4 Nf6 3. c4 e6 4. Nc3 Bb4 5. e3 O-O 6. Bd2 b6 7. Rc1 Ba6 8. Qa4
Qe7 9. a3 Bxc3 10. Bxc3 Ne4 11. Be2 Nxc3 12. Rxc3 dxc4 13. Bxc4 Bb7 14. Be2 Rc8
15. Qc2 c5 16. dxc5 Rxc5 17. Rxc5 Qxc5 18. Qxc5 bxc5 19. Bb5 Na6 20. Ke2 Nc7
21. Bd3 Nd5 22. Rc1 Rc8 23. Nd2 Nb6 24. f3 Kf8 25. Nc4 Bd5 26. Na5 c4 27. Bb1
e5 28. e4 Be6 29. Ba2 Ke7 30. b3 cxb3 31. Rxc8 Nxc8 32. Bxb3 Bxb3 33. Nxb3 Kd6
34. Kd3 Nb6 35. Kc3 Na4+ 36. Kb4 Nb2 37. Kb5 Nd1 38. Nd2 Nc3+ 39. Kb4 Ne2 40.
Nc4+ Ke6 41. Kb5 g6 42. Ka6 f5 43. Kxa7 fxe4 44. fxe4 Nc3 45. Kb6 Nxe4 46. Ne3
Nc3 47. Kc5 Ne4+ 48. Kb5 Nd6+ 49. Kc5 Ne4+ 50. Kb4 Nd6 51. Nc4 Nf5 52. Kc5 h5
53. Nd2 Nd6 54. a4 Nb7+ 55. Kc6 Nd8+ 56. Kc7 Ke7 57. a5 Ne6+ 58. Kc6 Kd8 59. a6
Kc8 60. a7 Nd4+ 61. Kb6 1-0

[Event "Saint Louis Cairns Cup (Women) 2nd"]
[Site "Saint Louis"]
[Date "2020.02.14"]
[Round "7"]
[White "Kosteniuk, Alexandra"]
[Black "Lagno, Kateryna"]
[Result "1/2-1/2"]
[WhiteElo "2504"]
[BlackElo "2552"]
[PlyCount "60"]
[EventDate "2020.02.07"]
[EventType "tourn"]
[EventRounds "9"]
[EventCountry "USA"]
[EventCategory "11"]
[SourceTitle "CBM 194 Extra"]
[Source "ChessBase"]
[SourceDate "2020.03.31"]
[SourceVersion "1"]
[SourceVersionDate "2020.03.31"]
[SourceQuality "1"]

1. c4 Nf6 2. Nc3 c5 3. Nf3 Nc6 4. d4 cxd4 5. Nxd4 e6 6. g3 Qb6 7. Ndb5 Ne5 8.
Bg2 a6 9. Na4 Qd8 10. Nd6+ Bxd6 11. Qxd6 Nxc4 12. Qc5 d5 13. b3 Bd7 14. bxc4
Bxa4 15. Qa3 b5 16. cxb5 axb5 17. Bf4 Ne4 18. Bxe4 dxe4 19. O-O f6 20. Qb4 Kf7
21. Rfc1 e5 22. Be3 Rc8 23. Qxe4 Qd7 24. Rxc8 Rxc8 25. Qxh7 Bc2 26. Qh5+ Bg6
27. Qf3 Bf5 28. Qh5+ Bg6 29. Qf3 Bf5 30. Qh5+ Bg6 1/2-1/2

[Event "Saint Louis Cairns Cup (Women) 2nd"]
[Site "Saint Louis"]
[Date "2020.02.15"]
[Round "8"]
[White "Dzagnidze, Nana"]
[Black "Kosteniuk, Alexandra"]
[Result "0-1"]
[WhiteElo "2515"]
[BlackElo "2504"]
[PlyCount "136"]
[EventDate "2020.02.07"]
[EventType "tourn"]
[EventRounds "9"]
[EventCountry "USA"]
[EventCategory "11"]
[SourceTitle "CBM 194 Extra"]
[Source "ChessBase"]
[SourceDate "2020.03.31"]
[SourceVersion "1"]
[SourceVersionDate "2020.03.31"]
[SourceQuality "1"]

1. d4 Nf6 2. c4 e6 3. Nc3 Bb4 4. Bd2 O-O 5. Nf3 b6 6. e3 c5 7. a3 Bxc3 8. Bxc3
Ne4 9. Rc1 Bb7 10. Be2 d6 11. O-O Nxc3 12. Rxc3 Qe7 13. b4 Nd7 14. Nd2 a5 15.
Bf3 axb4 16. axb4 cxb4 17. Rb3 d5 18. cxd5 Bxd5 19. Bxd5 exd5 20. Rb2 Ra3 21.
Qe2 f5 22. Qb5 Ra5 23. Qc6 f4 24. exf4 Rxf4 25. Nb3 Ra3 26. Qxd5+ Qf7 27. Qd6
Ra4 28. Re1 Rf6 29. Qc7 Nf8 30. Qxf7+ Kxf7 31. Nd2 Rd6 32. Nf3 Ne6 33. Rd1 Nxd4
34. Kf1 Nb5 35. Rdb1 Nc3 36. Rxb4 Rxb4 37. Rxb4 Rd1+ 38. Ne1 b5 39. Rb3 Rc1 40.
g3 Ke6 41. Kg2 Rxe1 42. Rxc3 Kd6 43. Rc8 Re7 44. Rb8 Kc5 45. f4 b4 46. Kf3 Kc4
47. Rc8+ Kd3 48. Rd8+ Kc3 49. Rc8+ Kb2 50. f5 b3 51. g4 Ra7 52. g5 Ka2 53. Ke4
b2 54. Rb8 b1=Q+ 55. Rxb1 Kxb1 56. f6 g6 57. Ke5 Ra5+ 58. Ke6 Rxg5 59. f7 Rf5
60. h4 Rf4 61. Ke7 h6 62. f8=Q Rxf8 63. Kxf8 g5 64. h5 g4 65. Kg7 g3 66. Kxh6
g2 67. Kh7 g1=Q 68. h6 Qg5 0-1

[Event "Saint Louis Cairns Cup (Women) 2nd"]
[Site "Saint Louis"]
[Date "2020.02.16"]
[Round "9"]
[White "Kosteniuk, Alexandra"]
[Black "Ju, Wenjun"]
[Result "0-1"]
[WhiteElo "2504"]
[BlackElo "2583"]
[PlyCount "112"]
[EventDate "2020.02.07"]
[EventType "tourn"]
[EventRounds "9"]
[EventCountry "USA"]
[EventCategory "11"]
[SourceTitle "CBM 194 Extra"]
[Source "ChessBase"]
[SourceDate "2020.03.31"]
[SourceVersion "1"]
[SourceVersionDate "2020.03.31"]
[SourceQuality "1"]

1. e4 e5 2. Nf3 Nc6 3. Bb5 Nf6 4. O-O Nxe4 5. d4 Nd6 6. Bxc6 dxc6 7. dxe5 Nf5
8. Qxd8+ Kxd8 9. Rd1+ Ke8 10. Nc3 Bd7 11. b3 Be7 12. Bb2 Rd8 13. Ne4 h5 14. Rd2
Bc8 15. Re2 c5 16. Rae1 Rh6 17. c4 Kf8 18. Rd2 Rxd2 19. Nexd2 Ra6 20. a4 g5 21.
Ne4 g4 22. Nfd2 Nd4 23. Nc3 c6 24. Nce4 b5 25. Nd6 Be6 26. cxb5 cxb5 27. axb5
Ra2 28. Bxd4 cxd4 29. N2c4 h4 30. Kf1 h3 31. gxh3 gxh3 32. Re2 Ra1+ 33. Re1
Rxe1+ 34. Kxe1 Bg5 35. Ne4 Bf4 36. Ng3 d3 37. Nf1 Ke8 38. Nb2 Bf5 39. Ng3 d2+
40. Kd1 Bg4+ 41. Kc2 Bxe5 42. Nd1 Bf4 43. Nf1 Be2 44. Ng3 Bf3 45. Nf1 Be4+ 46.
Kc3 Bg2 47. Ng3 Bf3 48. Kc2 Kd7 49. Nc3 Kc7 50. Nf1 Kb7 51. b4 Kb6 52. Nxd2 Bg2
53. Nde4 Bxh2 54. Nd5+ Kxb5 55. Nec3+ Kc6 56. b5+ Kb7 0-1

[Event "Lausanne FIDE GP (Women)"]
[Site "Lausanne"]
[Date "2020.03.02"]
[Round "1"]
[White "Kosteniuk, Alexandra"]
[Black "Dzagnidze, Nana"]
[Result "1/2-1/2"]
[WhiteElo "2482"]
[BlackElo "2509"]
[PlyCount "84"]
[EventDate "2020.03.02"]
[EventType "tourn"]
[EventRounds "11"]
[EventCountry "SUI"]
[EventCategory "11"]
[SourceTitle "CBM 195"]
[Source "ChessBase"]
[SourceDate "2020.04.30"]
[SourceVersion "1"]
[SourceVersionDate "2020.04.30"]
[SourceQuality "1"]

1. e4 c5 2. Nf3 d6 3. c3 Nf6 4. Be2 g6 5. O-O Bg7 6. Bb5+ Bd7 7. Bxd7+ Nbxd7 8.
Re1 Ne5 9. d4 Nxf3+ 10. Qxf3 Nd7 11. Rd1 O-O 12. Be3 cxd4 13. cxd4 Nb6 14. Nc3
Rc8 15. Bf4 Qd7 16. b3 f5 17. Rac1 fxe4 18. Qxe4 Qg4 19. Be3 Qxe4 20. Nxe4 Nd5
21. h4 Nxe3 22. fxe3 Bh6 23. Ng5 Bxg5 24. hxg5 Kg7 25. a4 h6 26. gxh6+ Kxh6 27.
Kh2 a5 28. Kg3 Kg5 29. Rh1 d5 30. Rhf1 Rxf1 31. Rxc8 Rb1 32. Rc5 Rxb3 33. Rxd5+
Kf6 34. Rxa5 Rxe3+ 35. Kf4 Rd3 36. Ke4 Rg3 37. Rb5 Rg4+ 38. Ke3 Rxg2 39. Rb6+
Kf5 40. Rb5+ Kf6 41. Rb6+ Kf5 42. Rb5+ Kf6 1/2-1/2

[Event "Lausanne FIDE GP (Women)"]
[Site "Lausanne"]
[Date "2020.03.03"]
[Round "2"]
[White "Goryachkina, Aleksandra"]
[Black "Kosteniuk, Alexandra"]
[Result "1-0"]
[WhiteElo "2579"]
[BlackElo "2504"]
[PlyCount "107"]
[EventDate "2020.03.02"]
[EventType "tourn"]
[EventRounds "11"]
[EventCountry "SUI"]
[EventCategory "11"]
[SourceTitle "CBM 195"]
[Source "ChessBase"]
[SourceDate "2020.04.30"]
[SourceVersion "1"]
[SourceVersionDate "2020.04.30"]
[SourceQuality "1"]

1. d4 Nf6 2. c4 e6 3. Nf3 b6 4. g3 Bb7 5. Bg2 Be7 6. O-O O-O 7. Nc3 Ne4 8. Bd2
d5 9. cxd5 exd5 10. Bf4 c5 11. Rc1 Nd7 12. dxc5 Ndxc5 13. Be5 f6 14. Bd4 Qd7
15. Rc2 Rac8 16. Qb1 Ne6 17. Rd1 Nxd4 18. Nxd4 f5 19. e3 Bf6 20. Nce2 Rc5 21.
Nb3 Rxc2 22. Qxc2 Rc8 23. Qb1 Rc4 24. Nd2 Rb4 25. Nxe4 fxe4 26. b3 Qe7 27. a3
Rb5 28. b4 d4 29. Nxd4 Re5 30. Qc2 Qd7 31. Rc1 Re7 32. Nc6 Bxc6 33. Qxc6 Qd3
34. Bf1 Qd7 35. Qxd7 Rxd7 36. Rc4 Re7 37. b5 Bb2 38. a4 Ba3 39. Bg2 Bc5 40.
Bxe4 Rd7 41. a5 g6 42. a6 Kf7 43. Bb7 Rd1+ 44. Kg2 Rb1 45. Bc6 Rb2 46. Re4 g5
47. h4 gxh4 48. gxh4 Rb4 49. Rxb4 Bxb4 50. h5 Bc5 51. Kf3 Kf6 52. Ke4 Ke6 53.
f4 h6 54. Kf3 1-0

[Event "Lausanne FIDE GP (Women)"]
[Site "Lausanne"]
[Date "2020.03.04"]
[Round "3"]
[White "Kosteniuk, Alexandra"]
[Black "Kashlinskaya, Alina"]
[Result "0-1"]
[WhiteElo "2504"]
[BlackElo "2484"]
[PlyCount "114"]
[EventDate "2020.03.02"]
[EventType "tourn"]
[EventRounds "11"]
[EventCountry "SUI"]
[EventCategory "11"]
[SourceTitle "CBM 195"]
[Source "ChessBase"]
[SourceDate "2020.04.30"]
[SourceVersion "1"]
[SourceVersionDate "2020.04.30"]
[SourceQuality "1"]

1. e4 e5 2. Nf3 Nf6 3. Nxe5 d6 4. Nf3 Nxe4 5. d4 d5 6. Bd3 Bd6 7. O-O O-O 8. c4
c6 9. Re1 Bf5 10. cxd5 cxd5 11. Nc3 Nxc3 12. bxc3 Bxd3 13. Qxd3 Nc6 14. Ng5 g6
15. Qh3 h5 16. g4 Be7 17. Qh4 Bxg5 18. Bxg5 f6 19. Bd2 hxg4 20. Qxg4 Kg7 21.
Kh1 Qc8 22. Qg2 Qf5 23. Rab1 Rf7 24. Rb5 Rd8 25. Be3 a6 26. Rc5 Qd7 27. Rg1 Ne7
28. Bf4 Qf5 29. Bc7 Rd7 30. Qg3 g5 31. f3 Ng6 32. c4 Rfe7 33. cxd5 Rxd5 34. Bd6
Rd7 35. Rxd5 Qxd5 36. Bc5 Nh4 37. Rf1 b6 38. Bxb6 Qb5 39. Rg1 Qc6 40. Bc5 Nxf3
41. Qg2 Qe4 42. Rf1 g4 43. Rc1 Rb7 44. d5 Rb1 45. Rxb1 Qxb1+ 46. Bg1 Qxg1+ 47.
Qxg1 Nxg1 48. Kxg1 f5 49. Kg2 Kf6 50. h4 gxh3+ 51. Kxh3 Ke5 52. Kg3 Kxd5 53.
Kf4 Ke6 54. Kf3 a5 55. Kf4 a4 56. Kf3 Ke5 57. Ke3 a3 0-1

[Event "Lausanne FIDE GP (Women)"]
[Site "Lausanne"]
[Date "2020.03.05"]
[Round "4"]
[White "Kosteniuk, Alexandra"]
[Black "Abdumalik, Zhansaya"]
[Result "0-1"]
[WhiteElo "2504"]
[BlackElo "2471"]
[Annotator "Abdumalik,Zhansaya "]
[PlyCount "74"]
[EventDate "2020.03.02"]
[EventType "tourn"]
[EventRounds "11"]
[EventCountry "SUI"]
[EventCategory "11"]
[SourceTitle "CBM 195"]
[Source "ChessBase"]
[SourceDate "2020.04.30"]
[SourceVersion "1"]
[SourceVersionDate "2020.04.30"]
[SourceQuality "1"]

{My first FIDE Women's Grand Prix. I received an invitation a week before the
start of the tournament and of course I was very happy for an opportunity to
be a part of such a strong tournament, so I immediately accepted. At that
moment I was in Moscow participating in a strong tournament, the Aeroflot Open,
A group. To be honest, at this event my games were very unstable and I was a
little worried about the upcoming GP and my shape. Therefore, the plan for the
tournament was to play more safely and wisely, which I think I did quite well 
(except for the second round against Nana Dzagnidze, where apparently I forgot
about my plan). The reason why I chose this game is because it is the first
game with classical control that I did not lose to Alexandra. I have a
terribly bad score against her, it seems to me that I lost everything that was
possible since 2016, so this game was very important for me to stop this black
streak of my life.} 1. e4 e5 2. Nf3 Nc6 3. Bb5 a6 4. Ba4 Nf6 5. O-O Be7 6. d3 {
I did not prepare this move because her main line was 6. Re1 where White
usually play c3 and d4, so from this moment I understood that she wanted to
play more manoeuvrable positions that do not strongly determine the structure.}
b5 7. Bb3 d6 8. a4 {An interesting line which, fortunately for me, I checked a
little before the tournament. I was not sure with the specific move orders,
but with general knowledge and ideas it was not so difficult to find right
moves.} Bd7 9. c3 O-O 10. Re1 Na5 11. Bc2 c5 12. Nbd2 Qb6 $5 {Easy plan for
Black, pushing pawns on the queenside and controlling the centre. I felt quite
comfortable in this position.} 13. Nf1 b4 14. Ne3 (14. d4 $2 b3 15. Bb1 Qc7 {
/\c4} 16. Ne3 c4 $15 {Black has a good space advantage on the queenside.})
14... Rac8 15. h3 Rfe8 16. Nd2 $1 {/\Ndc4 and the main idea is to take on c4
with a pawn to control the center and block Black's counterplay on the
queenside. Also, White has some ideas of attack on the kingside. So I was not
sure what to do after Ndc4.} Be6 17. Qe2 {Looks strange. I did not really get
the idea of it, so I kept improving my position.} (17. Ndc4 $1 Nxc4 18. dxc4 {
is slightly better for White.}) 17... Bf8 (17... d5 $5 {was possible, but I
did not know how to evaluate my position after 18.c4, so I decided not to
hurry.} 18. c4 $1 {Here I thought that the position was unclear because White
gets an excellent square on d5, and if I try manoeuvre my knight from a5 to d4
White will have some ideas with a5 to activate the light-squared bishop from
c2 to a4.} (18. exd5 Nxd5 19. Nxd5 Bxd5 20. Qxe5 Bf8 21. Qxe8 Rxe8 22. Rxe8 Qc6
$19 {/\Bg2}) 18... dxe4 (18... d4 19. Nd5 Nxd5 20. cxd5 Bd7 21. Nb3 $13) 19.
dxe4 Nc6 20. a5 Qc7 21. Ba4 $13) 18. Qf3 (18. Ndc4 $1 {was possible again. I
am sure that when Alexandra played 16.Nd2 her idea was to play Ndc4, but maybe
then she changed her mind because she thought that her pawn structure might be
weak somehow.}) 18... Qb7 {I was very satisfied with my position, all my
pieces are well coordinated.} 19. g4 $2 {Really unexpected. Too optimistic and
dangerous when the center is not yet defined, also, the white pieces are not
ready for the attack. Again the best move was Ndc4.} h6 20. Kh2 $2 (20. Ndc4 $1
{- the last chance to control the center.}) 20... d5 $1 {Very logical. If you
are attacked on the flank try to open the center, so your pieces will get more
active and you can use the weakness of the opponent king's.} 21. Nf5 Nh7 {
Looks natural to control g5 square and to have ideas with ...g6.} (21... Bxf5
$5 {was also strong to change the knight from active square f5 and continue
pushing the queenside. Even though the g-file opens, my kingside is well
prepared and the counterplay in the center is crushing.} 22. gxf5 c4 $1 23.
exd5 cxd3 24. Qxd3 Qxd5 $17) 22. Qg2 dxe4 (22... c4 $1 {was more concrete:} 23.
dxc4 dxc4 24. Nf3 Nb3 $17) 23. Nxe4 Qd7 {Here I realized that I managed to
consolidate my pieces and now could slowly prepare a counterattack and exploit
white weaknesses on both flanks.} 24. Rg1 Kh8 {Prophylaxis. White still had
some ideas with sacrifices on h6 and opening "g" line, so I though better be
safe.} (24... Nb3 25. Nxh6+ gxh6 26. g5 $13 {- too risky when you are in time
trouble.}) 25. Qg3 Nb3 $1 {I was very happy to change one of her bishops. The
light-squared one defends a key pawn on d3, and the dark-squared one is a key
to White's kingside attacking options.} 26. Bxb3 Bxb3 27. f4 {The rest of the
game was just a matter of technique.} Rcd8 28. cxb4 cxb4 29. fxe5 Qxd3 30. Qxd3
(30. Ned6 Qxg3+ 31. Rxg3 Rxe5 32. Rxb3 Bxd6 33. Nxd6 Rxd6 34. Bf4 Re2+ 35. Kg3
Rde6 36. Rxb4 g5 $19) 30... Rxd3 31. Bf4 Ng5 32. Nxg5 hxg5 33. Bg3 Rc8 34. Rg2
Bd5 35. Re2 b3 36. Rf1 Rc2 37. Rff2 Rd1 0-1

[Event "Lausanne FIDE GP (Women)"]
[Site "Lausanne"]
[Date "2020.03.06"]
[Round "5"]
[White "Stefanova, Antoaneta"]
[Black "Kosteniuk, Alexandra"]
[Result "1/2-1/2"]
[WhiteElo "2469"]
[BlackElo "2504"]
[PlyCount "95"]
[EventDate "2020.03.02"]
[EventType "tourn"]
[EventRounds "11"]
[EventCountry "SUI"]
[EventCategory "11"]
[SourceTitle "CBM 195"]
[Source "ChessBase"]
[SourceDate "2020.04.30"]
[SourceVersion "1"]
[SourceVersionDate "2020.04.30"]
[SourceQuality "1"]

1. d4 Nf6 2. c4 e6 3. Nf3 d5 4. g3 Bb4+ 5. Bd2 Bd6 6. Nc3 O-O 7. Bg5 c6 8. Bg2
Nbd7 9. e4 dxe4 10. Nxe4 Bb4+ 11. Nc3 h6 12. Bf4 Qa5 13. Qb3 c5 14. a3 Bxc3+
15. Qxc3 Qxc3+ 16. bxc3 Ne4 17. Ne5 Ndf6 18. Rc1 b6 19. Ng4 Bb7 20. Nxf6+ gxf6
21. Bxh6 Rfd8 22. Be3 Rab8 23. Bxe4 Bxe4 24. O-O Bd3 25. Rfd1 Be2 26. Re1 Bxc4
27. dxc5 Rdc8 28. cxb6 axb6 29. f4 b5 30. Bd4 f5 31. Kf2 Ra8 32. Ra1 Kh7 33. h3
Rg8 34. Re5 Bd5 35. Ree1 Rg6 36. Rg1 Rh6 37. h4 Rg6 38. Bc5 Rgg8 39. Rab1 Rgc8
40. Bb4 Rc4 41. Rbd1 Kg6 42. Rd4 Rxd4 43. cxd4 Kh5 44. Rc1 Bc4 45. Kf3 Bd5+ 46.
Kf2 Bc4 47. Kf3 Bd5+ 48. Kf2 1/2-1/2

[Event "Lausanne FIDE GP (Women)"]
[Site "Lausanne"]
[Date "2020.03.07"]
[Round "6"]
[White "Kosteniuk, Alexandra"]
[Black "Harika, Dronavalli"]
[Result "1-0"]
[WhiteElo "2504"]
[BlackElo "2518"]
[PlyCount "109"]
[EventDate "2020.03.02"]
[EventType "tourn"]
[EventRounds "11"]
[EventCountry "SUI"]
[EventCategory "11"]
[SourceTitle "CBM 195"]
[Source "ChessBase"]
[SourceDate "2020.04.30"]
[SourceVersion "1"]
[SourceVersionDate "2020.04.30"]
[SourceQuality "1"]

1. e4 e5 2. Nf3 Nc6 3. Bb5 Nf6 4. O-O Nxe4 5. Re1 Nd6 6. Nxe5 Nxe5 7. Rxe5+ Be7
8. Bf1 O-O 9. d4 Bf6 10. Re1 Re8 11. Bf4 Rxe1 12. Qxe1 Ne8 13. Nc3 Bxd4 14. Nd5
d6 15. Bg5 f6 16. Bh4 Bxb2 17. Rb1 Be5 18. f4 c6 19. fxe5 cxd5 20. exf6 Nxf6
21. Bd3 Bd7 22. Qc3 Ne4 23. Bxe4 Qxh4 24. Bxd5+ Kh8 25. Rxb7 Rc8 26. Qd2 Re8
27. g3 Qg4 28. Rxa7 Bf5 29. Bc6 Rc8 30. Re7 h6 31. Qxd6 Qg5 32. Re2 Bg6 33. Kg2
Kh7 34. h4 Qa5 35. Qd5 Qc3 36. Bb7 Rc4 37. Qf3 Qd4 38. Qd5 Qc3 39. Qf3 Qd4 40.
Qf2 Qd1 41. Bf3 Qb1 42. h5 Bxc2 43. Bd5 Rc8 44. Kh2 Bd3 45. Qd4 Rd8 46. Rd2 Bc2
47. a4 Kh8 48. Qh4 Rxd5 49. Rxd5 Be4 50. Qd8+ Kh7 51. Rd1 Qc2+ 52. Qd2 Qxa4 53.
Qe2 Bf5 54. Rd8 Qb4 55. Qa2 1-0

[Event "Lausanne FIDE GP (Women)"]
[Site "Lausanne"]
[Date "2020.03.09"]
[Round "7"]
[White "Muzychuk, Anna"]
[Black "Kosteniuk, Alexandra"]
[Result "1-0"]
[WhiteElo "2539"]
[BlackElo "2504"]
[PlyCount "129"]
[EventDate "2020.03.02"]
[EventType "tourn"]
[EventRounds "11"]
[EventCountry "SUI"]
[EventCategory "11"]
[SourceTitle "CBM 195"]
[Source "ChessBase"]
[SourceDate "2020.04.30"]
[SourceVersion "1"]
[SourceVersionDate "2020.04.30"]
[SourceQuality "1"]

1. e4 e5 2. Nf3 Nf6 3. Nxe5 d6 4. Nf3 Nxe4 5. Nc3 Nf6 6. d4 g6 7. Bg5 Bg7 8.
Bb5+ c6 9. Qe2+ Qe7 10. O-O-O Qxe2 11. Bxe2 d5 12. Bd3 Be6 13. Rde1 Nbd7 14. h3
O-O-O 15. Bd2 Rhe8 16. Ng5 Nf8 17. f4 Ne4 18. Nxe6 Nxe6 19. Nxe4 dxe4 20. Rxe4
Bxd4 21. Rhe1 Rf8 22. Bb4 Bc5 23. Bc3 Bf2 24. Rf1 Bb6 25. b4 Nd4 26. g4 f5 27.
Re7 Bc7 28. Rxh7 fxg4 29. hxg4 Bxf4+ 30. Kb2 Nb5 31. Bg7 Rd7 32. Rh8 Rxh8 33.
Bxh8 Rf7 34. g5 Rf8 35. Bg7 Rg8 36. Rxf4 Rxg7 37. Rf6 Kd7 38. Rxg6 Rxg6 39.
Bxg6 Ke6 40. Bd3 Nd4 41. Kc3 Ke5 42. g6 Ne6 43. a4 b6 44. Kc4 Ng7 45. c3 Ne8
46. Bc2 Nd6+ 47. Kd3 Nf5 48. Bb1 Kd5 49. Ke2 Ng7 50. Ke3 Kc4 51. Kd2 Kd5 52.
Bc2 c5 53. Bb3+ c4 54. Bc2 Ke5 55. Ke3 Ne6 56. Be4 Ng7 57. Kf3 a5 58. bxa5 bxa5
59. Ke3 Ne6 60. Bc6 Ng7 61. Bd7 Nh5 62. Be8 Ng3 63. Bf7 Nf5+ 64. Kf3 Kf6 65.
Ke4 1-0

[Event "Lausanne FIDE GP (Women)"]
[Site "Lausanne"]
[Date "2020.03.10"]
[Round "8"]
[White "Kosteniuk, Alexandra"]
[Black "Muzychuk, Mariya"]
[Result "0-1"]
[WhiteElo "2504"]
[BlackElo "2552"]
[PlyCount "120"]
[EventDate "2020.03.02"]
[EventType "tourn"]
[EventRounds "11"]
[EventCountry "SUI"]
[EventCategory "11"]
[SourceTitle "CBM 195"]
[Source "ChessBase"]
[SourceDate "2020.04.30"]
[SourceVersion "1"]
[SourceVersionDate "2020.04.30"]
[SourceQuality "1"]

1. e4 e6 2. d4 d5 3. Nc3 Nf6 4. Bg5 dxe4 5. Nxe4 Be7 6. Bxf6 gxf6 7. Nf3 f5 8.
Nc3 a6 9. Qe2 b5 10. O-O-O b4 11. Na4 Qd5 12. Kb1 Bd7 13. Nc5 Bxc5 14. dxc5 Bb5
15. Qd2 Qxd2 16. Bxb5+ axb5 17. Rxd2 Nd7 18. c6 Nf6 19. Rd4 Nd5 20. Ne5 Ke7 21.
Re1 Rhg8 22. g3 Ra4 23. Nd3 Kf6 24. Nc5 Ra7 25. Nd3 Rga8 26. Nxb4 Nxb4 27. Rxb4
Rxa2 28. Kc1 Rd8 29. Kb1 Ra5 30. f4 Rd6 31. c4 bxc4 32. Rxc4 Rd2 33. h4 Rb5 34.
b4 Ke7 35. Re3 Kd6 36. Rec3 Rbd5 37. Rc2 R2d3 38. Rb2 Rb5 39. Ka2 Rxg3 40. Rd4+
Rd5 41. Rxd5+ exd5 42. b5 Rg8 43. Re2 Rb8 44. Re5 Rxb5 45. Rxf5 Kxc6 46. Rf6+
Kb7 47. Rxf7 h6 48. Ka3 Rb1 49. Rd7 Kc6 50. Rh7 d4 51. Rxh6+ Kd5 52. f5 d3 53.
Rh7 c5 54. Rd7+ Kc4 55. f6 Rf1 56. f7 Kc3 57. Ka4 d2 58. Kb5 c4 59. h5 Rf5+ 60.
Kc6 Rxf7 0-1